Phil Lord and Christopher Miller Filmography - Statistics

General Stats
  • This quiz has been taken 10 times
  • The average score is 15 of 53
Answer Stats
Year Movie % Correct
2014 The Lego Movie
100%
2012 21 Jump Street
89%
2014 22 Jump Street
89%
2009 Cloudy With A Chance of Meatballs
89%
2023 Spider-Man: Across the Spider-Verse
89%
2018 Spider-Man: Into the Spider-Verse
89%
2013 Cloudy With A Chance of Meatballs 2
78%
2017 The Lego Batman Movie
78%
2026 Project Hail Mary
67%
2019 The Lego Movie 2: The Second Part
67%
2021 America: The Motion Picture
56%
2023 Cocaine Bear
56%
2018 Smallfoot
56%
2017 Brigsby Bear
44%
TBD Spider-Man: Beyond the Spider-Verse
44%
2016 Storks
44%
2017 The Lego Ninjago Movie
44%
2021 The Mitchells vs. the Machines
44%
2008 Extreme Movie
33%
2018 Solo: A Star Wars Story
33%
2023 Strays
33%
2014 Annie
22%
2017 Baby Driver
22%
2008 Igor
22%
2024 Los Frikis
22%
2006 Open Season
22%
2016 Rogue One: A Star Wars Story
22%
2016 Sausage Party
22%
2007 Surf's Up
22%
2020 Omniboat: A Fast Boat Fantasia
11%
2023 Shrek 2 Retold
11%
TBD 48 Hours in Vegas
0%
TBD Artemis
0%
2020 Borat Subsequent Moviefilm
0%
TBD Bucks of America
0%
2017 Caillou Gets Grounded: The Movie
0%
2016 Don't Think Twice
0%
2012 End of Watch
0%
TBD Everyday Parenting Tips
0%
TBD Last Human
0%
2017 Oh Lucy!
0%
2012 Pincus
0%
2018 Sherlock Gnomes
0%
1980 Star Wars: Episode V: The Empire Strikes Back
0%
2023 The Flash
0%
TBD The Lego Batman Movie 2
0%
2015 Top Cat Begins
0%
2016 Trolls
0%
TBD Untitled Lord Miller/ The Lucas Brothers Project
0%
2004 Untitled Phil Hendrie Project
0%
TBD Untitled Universal Monster/ Lord Miller Project
0%
2023 Welcome Space Brothers
0%
TBD Western
0%
No matching quizzes found
Score Distribution
Percent of People with Each Score
Percentile by Number Answered
Your Score History
You have not taken this quiz